• 首页
  • 本馆介绍
  • 公告通知
  • 最新文献
  • 馆藏检索
  • 电子资源
  • 读者导购
  • 参考咨询
  • 我的图书馆
  • 登录
  • 详细信息显示
  • 放入我的书架
  • 随书关联资源信息
  • 预约/预借图书
  • 作者相关作品
  • 分类相关作品
  • 丛书相关作品
  • 出版社相关作品

书目信息

  • 表格格式
  • 工作单格式
  • 卡片格式
题名:
最新日本语能力测试2级考点透析与突破
    
 
作者: 王国华 , 韩云冬 主编
分册:   听解
出版信息: 大连   大连出版社  2006
页数: 209页
开本: 26cm
丛书名:
单 册:
中图分类: H360.42 , H369.9
科图分类:
主题词: 日语--水平考试--自学参考资料 , 日语--听说教学--水平考试--自学参考资料 , 日语 , 听说教学
电子资源:
ISBN: 7-80684-380-9
000 01200nam0 2200313 450
001 003196851
005 20070807155256.78
010    @a7-80684-380-9@dCNY25.00
035    @a003196851
100    @a20060113d2006 em y0chiy0110 ea
101 0  @achi@ajpn
102    @aCN@b210000
105    @ay z 000yy
106    @ar
200 1  @a最新日本语能力测试2级考点透析与突破@Azui xin ri ben yu neng li ce shi 2 ji kao dian tou xi yu tu po@i听解@Iting jie@f王国华,韩云冬主编@Fwang guo hua, han yun dong zhu bian
210    @a大连@c大连出版社@d2006
215    @a209页@d26cm@e1光盘
300    @a大连出版社最新日本语能力测试用书 根据能力测试出题基准“最新修订版”编写
330    @a本书由“2级听解考题类型”、“2级听解会话场景”和“考前冲刺仿真实践”三部分组成,选题148道,涉及不同语言环境、不同场面、不同角度的选项19个,并编写了五套考前冲刺仿真测试题。
606 0  @a日语@x水平考试@j自学参考资料
606 0  @a日语@x听说教学@x水平考试@j自学参考资料
606 0  @a日语
606 0  @a听说教学
690    @aH360.42@v4
690    @aH369.9@v4
701  0 @a王国华@Awang guo hua@c(日语教学)@4主编
701  0 @a韩云冬@Ahan yun dong@4主编
801  0 @aCN@bNLC@c20070807
905    @dH360.42@e432@f5
    
    最新日本语能力测试2级考点透析与突破.听解/王国华,韩云冬主编.-大连:大连出版社,2006
    209页;26cm+1光盘
    大连出版社最新日本语能力测试用书 根据能力测试出题基准“最新修订版”编写
    
    ISBN 7-80684-380-9:CNY25.00
    本书由“2级听解考题类型”、“2级听解会话场景”和“考前冲刺仿真实践”三部分组成,选题148道,涉及不同语言环境、不同场面、不同角度的选项19个,并编写了五套考前冲刺仿真测试题。
●
相关链接 在E读中查询图书 在五车中查询图书 在当当中查询图书 在豆瓣中查询图书


正题名:最新日本语能力测试2级考点透析与突破     索取号:H360.42/432         预约/预借

序号 登录号 条形码 馆藏地/架位号 状态 备注
1 0853658   208536583   第二样本阅览室/ [索取号:H360.42/432] 在馆    
2 0853659   208536592   第四借阅区/ [索取号:H360.42/432] 在馆    
3 0853660   208536609   第四借阅区/ [索取号:H360.42/432] 在馆    
4 0853661   208536618   第四借阅区/ [索取号:H360.42/432] 在馆    
5 0853662   208536627   第四借阅区/ [索取号:H360.42/432] 在馆    

本书有关联资源:

1 .光盘  /ISO  :最新日本语能力测试2级考点透析与突破 /王国华,韩云冬 下载
唐山师范学院图书馆 欢迎您!
大连网信软件有限公司© 版权所有